| 000 | 00517cam a22001932 4500 | ||
|---|---|---|---|
| 001 | 0000000707 | ||
| 005 | 20170406112820.0 | ||
| 008 | 131118s xx 000 0 eng d | ||
| 020 | _c$ | ||
| 040 |
_aYour Holding Symbol _cYour Holding Symbol |
||
| 100 | 1 | _aHans,Kung. | |
| 245 | 1 | 0 |
_aDos god exist : _ban answer for today / _ckung,Hans. |
| 250 | _a ed. | ||
| 260 |
_anew york : _bimage books, _c1951. |
||
| 300 |
_a 839p. ; _c cm. |
||
| 504 | _aindex. | ||
| 650 | 0 | _atheology. | |
| 908 | _a131118 | ||
| 999 |
_c631 _d631 |
||